[Event "Plovdiv Bulgarian op 33rd"]
[Site "Plovdiv"]
[Date "2011.01.30"]
[Round "1"]
[White "Petkov, Vladimir"]
[Black "Bardarov, Georgi"]
[Result "1/2-1/2"]
[WhiteElo "2506"]
[BlackElo "1750"]
[PlyCount "61"]
[EventDate "2011.01.30"]
[EventType "swiss"]
[EventRounds "9"]
[EventCountry "BUL"]
[SourceTitle "CBM 140 Extra"]
[Source "ChessBase"]
[SourceDate "2011.03.01"]
[SourceVersion "1"]
[SourceVersionDate "2011.03.01"]
[SourceQuality "1"]

1. d4 d5 2. c4 e6 3. Nc3 Nf6 4. Nf3 Be7 5. Qc2 0-0 6. cxd5 exd5 7. Bg5 g6 8. e3 c6 9. Bd3 Nbd7 10. h4 Re8 11. 0-0-0 Nf8 12. Ne5 N6d7 13. f4 Nxe5 14. dxe5 Bg4 15. Be2 Qc8 16. e4 Bxe2 17. Qxe2 Bxg5 18. hxg5 d4 19. Rxd4 Ne6 20. Rd2 Nxf4 21. Qf3 Ne6 22. Nd1 Qc7 23. Qg3 Nc5 24. Qh4 Qxe5 25. Qxh7+ Kf8 26. Rf1 Qg7 27. Rxf7+ Qxf7 28. Qh8+ Ke7 29. Qe5+ Kf8 30. Qh8+ Ke7 31. Qe5+ 1/2-1/2

[Event "Sofia MGU op 14th"]
[Site "Sofia"]
[Date "2010.08.07"]
[Round "2"]
[White "Atamer, Tundjay"]
[Black "Bardarov, Georgi"]
[Result "1-0"]
[WhiteElo "1939"]
[BlackElo "1745"]
[PlyCount "55"]
[EventDate "2010.08.07"]
[EventType "swiss"]
[EventRounds "6"]
[EventCountry "BUL"]
[SourceTitle "CBM 137 Extra"]
[Source "ChessBase"]
[SourceDate "2010.09.01"]
[SourceVersion "1"]
[SourceVersionDate "2010.09.01"]
[SourceQuality "1"]

1. e4 c5 2. Nf3 e6 3. d4 cxd4 4. Nxd4 a6 5. Nc3 Qc7 6. Be2 Nf6 7. Bf3 Nc6 8. Nb3 Bb4 9. Bd2 0-0 10. 0-0 Ne5 11. a3 Nxf3+ 12. Qxf3 Be7 13. Rfe1 d6 14. Qe2 b5 15. Bf4 Bb7 16. Rad1 Rfd8 17. Rd3 Rd7 18. Red1 Rad8 19. f3 Nh5 20. Be3 Bf6 21. g4 Ng3 22. hxg3 d5 23. Nc5 Qxg3+ 24. Qg2 Qxg2+ 25. Kxg2 Rc7 26. Nxb7 Rxb7 27. exd5 exd5 28. Rxd5 1-0